[Event "2.BLN 1718 SC Kreuzberg - SF Berlin"]
[Site "?"]
[Date "2017.10.09"]
[Round "1.1"]
[White "Abel, Dennes"]
[Black "Lerch, Philipp"]
[Result "1-0"]
[WhiteElo "2458"]
[BlackElo "2334"]
[PlyCount "123"]
[EventDate "2017.??.??"]

1. Nf3 f5 2. b3 d6 3. d4 Nf6 4. Bb2 g6 5. g3 Bg7 6. Bg2 Ne4 7. Nbd2 O-O 8. O-O
Nxd2 9. Qxd2 Nd7 10. c4 Nf6 11. d5 Ne4 12. Qc2 Bxb2 13. Qxb2 e5 14. dxe6 Bxe6
15. Nd2 Nxd2 16. Qxd2 Rb8 17. Rac1 Qe7 18. Rc3 Bf7 19. e3 Qe5 20. Rfc1 b6 21.
Rd3 a5 22. a3 Rfe8 23. b4 axb4 24. axb4 Re7 25. Bd5 Rf8 26. c5 bxc5 27. bxc5
dxc5 28. Bxf7+ Rfxf7 29. Rd8+ Kg7 30. Rd5 Qf6 31. Rdxc5 Rd7 32. Qa5 Qb6 33.
Qc3+ Qf6 34. Qc4 Qd8 35. Qa4 Qf6 36. Kg2 Qb2 37. Qf4 Qb7+ 38. Kg1 Qb6 39. h4
Qd6 40. Qf3 Qe7 41. Rc6 Qe4 42. Qe2 Qe5 43. Qc4 Rfe7 44. h5 Qe4 45. Qc3+ Qe5
46. Qxe5+ Rxe5 47. Rxc7 Rxc7 48. Rxc7+ Kh6 49. hxg6 hxg6 50. Kg2 Ra5 51. Rc4
Ra2 52. g4 Kg5 53. Kg3 Ra1 54. Kf3 Ra2 55. Rd4 Rb2 56. Kg3 Rb1 57. Kf3 Rb2 58.
Ra4 Rc2 59. Kg3 Rc1 60. f4+ Kh6 61. Kf3 Kg7 62. Ra7+ 1-0

[Event "2.BLN 1718 SC Kreuzberg - SF Berlin"]
[Site "?"]
[Date "2017.10.09"]
[Round "1.2"]
[White "Glantz, Robert"]
[Black "Lauber, Arnd"]
[Result "1/2-1/2"]
[WhiteElo "2334"]
[BlackElo "2423"]
[PlyCount "81"]
[EventDate "2017.??.??"]

1. e4 e6 2. d3 d5 3. Qe2 Nf6 4. Nf3 Be7 5. g3 O-O 6. Bg2 c5 7. O-O Nc6 8. e5
Nd7 9. c4 dxc4 10. dxc4 Qc7 11. Bf4 Rd8 12. h4 Nf8 13. h5 Nd4 14. Qe4 Bd7 15.
Nxd4 cxd4 16. Qxd4 Bb5 17. Qe4 Qxc4 18. Rc1 Qxe4 19. Bxe4 Rac8 20. Rxc8 Rxc8
21. Bxb7 Rc2 22. Na3 Rxb2 23. Nxb5 Rxb5 24. Bc6 Rc5 25. Rc1 Rxc1+ 26. Bxc1 Bc5
27. Bb2 g6 28. hxg6 fxg6 29. Be8 g5 30. Kg2 Ng6 31. Bxg6 hxg6 32. f3 g4 33.
fxg4 Kf7 34. Kf3 Ke8 35. Kf4 Be7 36. Bd4 a6 37. Ke4 Kd7 38. Kd3 Kc6 39. Kc4 Bg5
40. Bf2 Bd2 41. a4 1/2-1/2

[Event "2.BLN 1718 SC Kreuzberg - SF Berlin"]
[Site "?"]
[Date "2017.10.09"]
[Round "1.3"]
[White "Polzin, Rainer"]
[Black "Kalinitschew, Sergey"]
[Result "1-0"]
[WhiteElo "2396"]
[BlackElo "2423"]
[PlyCount "105"]
[EventDate "2017.??.??"]

1. e4 e6 2. d4 d5 3. Nc3 Nf6 4. Bg5 dxe4 5. Nxe4 Be7 6. Bxf6 gxf6 7. Qd3 e5 8.
dxe5 Qxd3 9. Bxd3 fxe5 10. Ng3 Nc6 11. Nf3 Bg4 12. Be4 Bxf3 13. Bxf3 Nd4 14.
Be4 O-O-O 15. c3 Nb5 16. Nf5 Bg5 17. h4 Bf6 18. Rd1 Rxd1+ 19. Kxd1 Nd6 20.
Nxd6+ cxd6 21. Rh3 Kd7 22. c4 Ke7 23. Ra3 Bxh4 24. g3 Bg5 25. Rxa7 Rb8 26. Bxb7
f5 27. b4 Kf6 28. b5 h5 29. a4 e4 30. a5 h4 31. gxh4 Bxh4 32. Ke2 Ke5 33. Bd5
f4 34. Rh7 f3+ 35. Ke1 Bd8 36. a6 Ba5+ 37. Kf1 Bb6 38. Re7+ Kd4 39. Rxe4+ Kd3
40. Rf4 Re8 41. Rxf3+ Kd2 42. Rf6 Bc5 43. Kg2 Re1 44. Rxd6 Bxd6 45. a7 Ra1 46.
a8=Q Rxa8 47. Bxa8 Bc5 48. Kg3 Kd3 49. Bd5 Bb6 50. f4 Kd4 51. Kg4 Bc5 52. Kg5
Be7+ 53. Kg6 1-0

[Event "2.BLN 1718 SC Kreuzberg - SF Berlin"]
[Site "?"]
[Date "2017.10.09"]
[Round "1.4"]
[White "Figura, Atila Gajo"]
[Black "Ahmadinia, Ebrahim"]
[Result "1/2-1/2"]
[WhiteElo "2376"]
[BlackElo "2400"]
[PlyCount "73"]
[EventDate "2017.??.??"]

1. d4 d5 2. c4 c6 3. Nf3 Nf6 4. e3 Bf5 5. Nc3 e6 6. Be2 h6 7. O-O Nbd7 8. Ne5
Bd6 9. f4 Ne4 10. Bf3 Ndf6 11. Bd2 O-O 12. Be1 Bh7 13. Ne2 c5 14. Bh4 Qa5 15.
a3 Qd2 16. Qc1 cxd4 17. exd4 Qxc1 18. Rfxc1 g5 19. fxg5 hxg5 20. Be1 dxc4 21.
Nxc4 Bc7 22. Na5 Bxa5 23. Bxa5 Rfc8 24. Nc3 g4 25. Bxe4 Nxe4 26. Nxe4 Bxe4 27.
Bc7 Kh7 28. Rc3 Bc6 29. Be5 Bd5 30. Rf1 f5 31. Rfc1 Rc6 32. Kf2 Rac8 33. Kg3 a5
34. Rxc6 Rxc6 35. Rxc6 Bxc6 36. h3 gxh3 37. gxh3 1/2-1/2

[Event "2.BLN 1718 SC Kreuzberg - SF Berlin"]
[Site "?"]
[Date "2017.10.09"]
[Round "1.6"]
[White "Moritz, Aron"]
[Black "Florstedt, Johannes"]
[Result "1/2-1/2"]
[WhiteElo "2203"]
[BlackElo "2243"]
[PlyCount "138"]
[EventDate "2017.??.??"]

1. e4 e5 2. Nf3 Nc6 3. Bc4 Nf6 4. Ng5 d5 5. exd5 Na5 6. Bb5+ c6 7. dxc6 bxc6 8.
Qf3 Be7 9. Bd3 O-O 10. O-O h6 11. Ne4 Nd5 12. Ng3 Nb4 13. Re1 Nxd3 14. cxd3 Bc5
15. Rxe5 Bd4 16. Re2 Ba6 17. Nc3 Bxd3 18. Re1 c5 19. b3 Rb8 20. Ba3 Rb6 21.
Nge4 Bxe4 22. Rxe4 Rf6 23. Rf4 Re6 24. Rf1 Nc6 25. Qd5 Qa5 26. Rxd4 Nxd4 27.
Qxc5 Qxc5 28. Bxc5 Rd8 29. Bxa7 f5 30. f4 Kf7 31. Bc5 Nc2 32. Rd1 g5 33. Kf2
gxf4 34. h3 Rd3 35. b4 Ne3 36. Ke2 Rxc3 37. dxc3 Nxd1+ 38. Kxd1 Rg6 39. Ke2
Rxg2+ 40. Bf2 Ke6 41. a4 Rh2 42. h4 Rh3 43. c4 Rb3 44. b5 Ra3 45. c5 Rxa4 46.
b6 Kd5 47. Kf3 Rb4 48. Bg1 Kc6 49. Bf2 Rc4 50. Bg1 Rc3+ 51. Kxf4 Rc4+ 52. Kxf5
Rxh4 53. Bf2 Rh2 54. Be3 Rh3 55. Kf4 Kb7 56. Bf2 Rh5 57. Kg4 Rh2 58. Kg3 Rh1
59. Kg2 Rb1 60. Kg3 Rb4 61. Be3 h5 62. Bf2 Kc6 63. Kh3 Rf4 64. Kg3 Rf7 65. Kg2
Rf4 66. Kg3 Ra4 67. Kh3 Ra2 68. Bg1 Rd2 69. Kg3 Rd5 1/2-1/2

[Event "2.BLN 1718 SC Kreuzberg - SF Berlin"]
[Site "?"]
[Date "2017.10.09"]
[Round "1.7"]
[White "Priebe, Jan"]
[Black "Lehmann, Klaus"]
[Result "1/2-1/2"]
[WhiteElo "2274"]
[BlackElo "2321"]
[PlyCount "85"]
[EventDate "2017.??.??"]

1. e4 c6 2. d4 d5 3. Nd2 dxe4 4. Nxe4 Nf6 5. Nxf6+ exf6 6. Nf3 Bd6 7. Bd3 O-O
8. O-O Qc7 9. h3 c5 10. c3 Nc6 11. Be3 cxd4 12. Nxd4 Nxd4 13. Bxd4 Be5 14. Be4
Bd7 15. Qd3 h6 16. Rfd1 Rfd8 17. Qf3 Bc6 18. Bxc6 bxc6 19. Be3 Qb7 20. Qe2 a6
21. Qc2 Qb5 22. Rac1 Qa5 23. a4 Qc7 24. Rxd8+ Rxd8 25. Rd1 Rd7 26. Kf1 Qb7 27.
Rxd7 Qxd7 28. b4 f5 29. f4 Bf6 30. c4 Be7 31. Qb3 Qe6 32. Kf2 g5 33. g3 Qe4 34.
b5 cxb5 35. cxb5 axb5 36. axb5 Qh1 37. b6 Qh2+ 38. Kf1 Qxh3+ 39. Ke2 Qg2+ 40.
Kd3 Qe4+ 41. Ke2 Qg2+ 42. Kd3 Qe4+ 43. Ke2 1/2-1/2

[Event "2.BLN 1718 SC Kreuzberg - SF Berlin"]
[Site "?"]
[Date "2017.10.09"]
[Round "1.8"]
[White "Holzapfel, Daniel"]
[Black "Brettschneider, Stefan"]
[Result "1/2-1/2"]
[WhiteElo "2289"]
[BlackElo "2260"]
[PlyCount "20"]
[EventDate "2017.??.??"]

1. d4 g6 2. e4 Bg7 3. c4 c5 4. d5 e5 5. Nc3 d6 6. Nf3 Ne7 7. Be2 Na6 8. O-O O-O
9. Ne1 f5 10. Nd3 Nb4 1/2-1/2

[Event "2.BLN 1718 SK Zehlendorf - SK König Te"]
[Site "?"]
[Date "2017.10.09"]
[Round "1.1"]
[White "Stern, Ren->"]
[Black "Meister, Jakob"]
[Result "1/2-1/2"]
[WhiteElo "2522"]
[BlackElo "2424"]
[PlyCount "91"]
[EventDate "2017.??.??"]

1. Nf3 d5 2. d4 Bf5 3. c4 e6 4. Nc3 c6 5. Qb3 Qb6 6. c5 Qxb3 7. axb3 Nd7 8. b4
a6 9. b5 cxb5 10. Nxb5 Rc8 11. Nc3 Ne7 12. e3 Nc6 13. Be2 Be7 14. O-O O-O 15.
Bd2 Rfe8 16. Rfd1 Bf6 17. Kf1 Ndb8 18. Na4 Na7 19. Nb6 Rcd8 20. Bc3 Nbc6 21. b4
Nb5 22. Bxb5 axb5 23. Rd2 Be4 24. Ne5 Bxe5 25. dxe5 d4 26. exd4 Ne7 27. f3 Bc6
28. Kf2 Nd5 29. Nxd5 Bxd5 30. Ra5 Bc6 31. d5 Rxd5 32. Rxd5 exd5 33. Bd4 h5 34.
Ra3 Kf8 35. f4 g6 36. f5 Ke7 37. f6+ Ke6 38. Ke3 g5 39. Ra2 Rg8 40. Ra1 h4 41.
Ra2 Rh8 42. Kf3 Kf5 43. Ke3 Bd7 44. Ra7 Bc6 45. Ra1 Bd7 46. Ra7 {(=)} 1/2-1/2

[Event "2.BLN 1718 SK Zehlendorf - SK König Te"]
[Site "?"]
[Date "2017.10.09"]
[Round "1.2"]
[White "Malek, Daniel"]
[Black "Rabiega, Robert"]
[Result "1/2-1/2"]
[WhiteElo "2405"]
[BlackElo "2516"]
[PlyCount "98"]
[EventDate "2017.??.??"]

1. d4 d5 2. c4 e6 3. Nf3 Nf6 4. Nc3 Be7 5. Bf4 O-O 6. e3 b6 7. cxd5 Nxd5 8.
Nxd5 Qxd5 9. Bd3 Ba6 10. O-O c5 11. e4 Qb7 12. d5 exd5 13. exd5 Rd8 14. Re1
Bxd3 15. Qxd3 Na6 16. a3 Bf6 17. d6 Nc7 18. Rad1 Ne6 19. Be5 Bxe5 20. Rxe5 h6
21. Rxe6 fxe6 22. Ne5 Rf8 23. d7 Qc7 24. f4 Rad8 25. Qg6 Rf6 26. Qe8+ Kh7 27.
g3 c4 28. Qe7 Rff8 29. Qxe6 Qc5+ 30. Kg2 c3 31. bxc3 Qxc3 32. Qg6+ Kg8 33. Qe6+
Kh7 34. Rd3 Qc2+ 35. Kh3 Rf6 36. Qe7 Qe2 37. Rf3 Rf5 38. Qxd8 Rxe5 39. fxe5
Qxf3 40. Qe8 Qf5+ 41. Kg2 Qc2+ 42. Kf3 Qd3+ 43. Kf2 Qd2+ 44. Kg1 Qd1+ 45. Kg2
Qc2+ 46. Kf3 Qd3+ 47. Kf4 g5+ 48. Kg4 Qe4+ 49. Kh3 Qf5+ 1/2-1/2

[Event "2.BLN 1718 SK Zehlendorf - SK König Te"]
[Site "?"]
[Date "2017.10.09"]
[Round "1.3"]
[White "Richter, Michael"]
[Black "Lagunow, Raphael"]
[Result "1/2-1/2"]
[WhiteElo "2498"]
[BlackElo "2353"]
[PlyCount "110"]
[EventDate "2017.??.??"]

1. d4 d5 2. c4 c6 3. cxd5 cxd5 4. Nc3 Nf6 5. Bf4 Nc6 6. e3 Bf5 7. Nge2 e6 8.
Ng3 Bg6 9. h4 h5 10. Bd3 Bxd3 11. Qxd3 Bd6 12. Bxd6 Qxd6 13. O-O O-O 14. Rfd1
Rfd8 15. Rac1 Qe7 16. Nge2 g6 17. Nf4 Kg7 18. Qe2 Ne8 19. g3 Nd6 20. Na4 Rac8
21. Nc5 b6 22. Ncd3 Ne4 23. Rc2 Rc7 24. Rdc1 Rdc8 25. Kg2 Qd6 26. f3 Nf6 27.
Rc3 Ne7 28. Qd2 Rxc3 29. Rxc3 Rxc3 30. Qxc3 Nd7 31. b4 a6 32. Kf2 Qc6 33. Ne2
Qb5 34. Nb2 Qc6 35. a4 a5 36. bxa5 Qxc3 37. Nxc3 bxa5 38. e4 Nb6 39. Ke3 Nc6
40. exd5 exd5 41. Nd3 Nc4+ 42. Kf2 Nxd4 43. Nxd5 f6 44. g4 hxg4 45. fxg4 g5 46.
h5 f5 47. Ne3 Nb6 48. gxf5 Nxa4 49. Kg3 Nc3 50. Nc5 a4 51. Ne6+ Nxe6 52. fxe6
Ne4+ 53. Kg4 Nf6+ 54. Kxg5 Nxh5 55. Kxh5 Kf6 1/2-1/2

[Event "2.BLN 1718 SK Zehlendorf - SK König Te"]
[Site "?"]
[Date "2017.10.09"]
[Round "1.4"]
[White "Stachowiak, Kamil"]
[Black "Moreno Tejera, Emilio"]
[Result "1-0"]
[WhiteElo "2432"]
[BlackElo "2433"]
[PlyCount "79"]
[EventDate "2017.??.??"]

1. d4 Nf6 2. Nf3 g6 3. g3 Bg7 4. Bg2 O-O 5. O-O d6 6. c4 Nc6 7. Nc3 a6 8. d5
Na5 9. Nd2 c5 10. Qc2 Rb8 11. b3 b5 12. Bb2 e5 13. e4 h5 14. Ne2 h4 15. Bc3
hxg3 16. hxg3 Ng4 17. Qd3 Bh6 18. f4 Bd7 19. Rae1 Re8 20. Qf3 exf4 21. gxf4 Qh4
22. Qg3 Qxg3 23. Nxg3 b4 24. Bb2 Bg7 25. Bxg7 Kxg7 26. Bf3 f6 27. e5 dxe5 28.
Bxg4 Bxg4 29. fxe5 f5 30. Nf3 f4 31. Nh2 Bh3 32. Rxf4 Nb7 33. Nf3 Rf8 34. Ree4
Rbe8 35. Ng5 Bc8 36. Rxf8 Rxf8 37. Rh4 a5 38. Rh7+ Kg8 39. N3e4 Rf5 40. Nf6+
1-0

[Event "2.BLN 1718 SK Zehlendorf - SK König Te"]
[Site "?"]
[Date "2017.10.09"]
[Round "1.5"]
[White "Bruedigam, Martin"]
[Black "Lagunow, Alexander"]
[Result "1-0"]
[WhiteElo "2402"]
[BlackElo "2418"]
[PlyCount "41"]
[EventDate "2017.??.??"]

1. e4 c5 2. Nf3 e6 3. g3 d5 4. exd5 exd5 5. d4 Nc6 6. Bg2 Bg4 7. O-O Nxd4 8.
Qe1+ Ne6 9. c4 Bxf3 10. Bxf3 Ne7 11. cxd5 Nd4 12. Bg2 Nc2 13. Qe2 Nxa1 14. Nc3
Qd7 15. d6 Qxd6 16. Rd1 Qe6 17. Qb5+ Nc6 18. Qxb7 Rc8 19. Bd5 Nd8 20. Qb5+ Qd7
21. Bxf7+ 1-0

[Event "2.BLN 1718 SK Zehlendorf - SK König Te"]
[Site "?"]
[Date "2017.10.09"]
[Round "1.6"]
[White "Brodowski, Piotr"]
[Black "Fruebing, Stefan"]
[Result "1/2-1/2"]
[WhiteElo "2434"]
[BlackElo "2414"]
[PlyCount "67"]
[EventDate "2017.??.??"]

1. c4 c6 2. Nf3 d5 3. b3 Bg4 4. Bb2 Nd7 5. e3 Ngf6 6. Be2 e6 7. cxd5 cxd5 8.
Nc3 Be7 9. h3 Bxf3 10. Bxf3 O-O 11. O-O Qa5 12. a3 Rfc8 13. b4 Qd8 14. Be2 a5
15. Qb3 Qf8 16. bxa5 Rxa5 17. Rfb1 Rca8 18. Nb5 Ne4 19. Qd1 Rc8 20. a4 Raa8 21.
d3 Nd6 22. Nxd6 Bxd6 23. e4 dxe4 24. dxe4 Qe7 25. Bb5 Ne5 26. Qe2 Ng6 27. e5
Bc5 28. Rd1 Rd8 29. g3 Rxd1+ 30. Rxd1 Rd8 31. Kg2 Rxd1 32. Qxd1 Qc7 33. Qe2 Ne7
34. h4 {(=)} 1/2-1/2

[Event "2.BLN 1718 SK Zehlendorf - SK König Te"]
[Site "?"]
[Date "2017.10.09"]
[Round "1.7"]
[White "Von Herman, Ulf"]
[Black "Murdzia, Piotr"]
[Result "1/2-1/2"]
[WhiteElo "2349"]
[BlackElo "2439"]
[PlyCount "72"]
[EventDate "2017.??.??"]

1. c4 Nf6 2. Nc3 d5 3. cxd5 Nxd5 4. g3 c5 5. Bg2 Nc7 6. d3 e5 7. Nf3 Nc6 8. Nd2
Be7 9. Nc4 f6 10. O-O O-O 11. f4 exf4 12. Bxf4 Be6 13. Ne3 Rc8 14. Bxc7 Qxc7
15. Bd5 Bxd5 16. Nexd5 Qd7 17. Qa4 Kh8 18. Nxe7 Qxe7 19. Qe4 Ne5 20. Kh1 Rcd8
21. b3 b6 22. h3 g6 23. Rf2 Kg7 24. Nd5 f5 25. Qg2 Qd7 26. Nc3 h5 27. Raf1 Rfe8
28. Nb1 Nc6 29. g4 hxg4 30. hxg4 Rh8+ 31. Kg1 Ne5 32. gxf5 Qd4 33. Qe4 Rh4 34.
Qxd4 cxd4 35. Nd2 Rdh8 36. Nf3 Nxf3+ 1/2-1/2

[Event "2.BLN 1718 SK Zehlendorf - SK König Te"]
[Site "?"]
[Date "2017.10.09"]
[Round "1.8"]
[White "Luch, Michal"]
[Black "Berger, Steve"]
[Result "1-0"]
[WhiteElo "2386"]
[BlackElo "2418"]
[PlyCount "90"]
[EventDate "2017.??.??"]

1. d4 g6 2. e4 Bg7 3. Nc3 d6 4. Be3 a6 5. Qd2 Nd7 6. O-O-O b5 7. h4 h5 8. f3 c6
9. Nh3 Qa5 10. Kb1 Nb6 11. Ne2 Qxd2 12. Bxd2 e5 13. Bb4 Nc4 14. b3 a5 15. bxc4
axb4 16. cxb5 cxb5 17. dxe5 dxe5 18. Nc1 Bd7 19. Nd3 Bxh3 20. Rxh3 O-O-O 21.
Nb2 Rxd1+ 22. Nxd1 Ne7 23. Bxb5 Rd8 24. Bd3 Bh6 25. Nb2 f6 26. Ba6+ Kc7 27. Nd3
Bd2 28. Bc4 Nc8 29. Kb2 Nd6 30. Kb3 Ra8 31. Nxb4 Bxb4 32. Kxb4 Nxc4 33. Kxc4
Rxa2 34. Rg3 Rxc2+ 35. Kd3 Ra2 36. Rxg6 Kd7 37. Rxf6 Rxg2 38. Rf5 Ke6 39. Rxh5
Rh2 40. Ke3 Kd6 41. Rh8 Ke6 42. h5 Kf7 43. h6 Rh5 44. Kd3 Rh1 45. h7 Rh6 1-0

[Event "2.BLN 1718 Turm Kiel - SV Werder Bremen"]
[Site "?"]
[Date "2017.10.09"]
[Round "1.1"]
[White "Fish, Gennadij"]
[Black "Dziuba, Marcin"]
[Result "1/2-1/2"]
[WhiteElo "2457"]
[BlackElo "2573"]
[PlyCount "112"]
[EventDate "2017.??.??"]

1. d4 d5 2. c4 e6 3. Nc3 c6 4. e3 Nf6 5. Nf3 Nbd7 6. Be2 dxc4 7. a4 Bb4 8. Bxc4
O-O 9. O-O Qe7 10. Qb3 a5 11. h3 e5 12. Bd2 e4 13. Nh2 Nb6 14. Be2 Be6 15. Qc2
Bf5 16. Rfd1 Rfe8 17. Nf1 Bd6 18. Ng3 Bg6 19. Qb3 Bc7 20. Nf1 h5 21. Be1 h4 22.
f4 exf3 23. Bxf3 Ne4 24. Nxe4 Bxe4 25. Bxe4 Qxe4 26. Bf2 Nd5 27. Nd2 Qe7 28. e4
Nf4 29. Qf3 Ng6 30. Re1 Rad8 31. Qg4 Qe6 32. Qxe6 Rxe6 33. Nf3 f6 34. Rac1 Bb6
35. Rc4 Rde8 36. e5 fxe5 37. dxe5 Bxf2+ 38. Kxf2 Nxe5 39. Rxe5 Rxe5 40. Nxe5
Rxe5 41. Rxh4 b5 42. Kf3 Kf7 43. Rd4 Rc5 44. b4 Rc3+ 45. Ke4 c5 46. bxc5 Rxc5
47. axb5 Rxb5 48. Rd6 a4 49. Ra6 Rb4+ 50. Kf5 g6+ 51. Ke5 Kg7 52. g3 Rc4 53.
Kd5 Rc3 54. Rxa4 Rxg3 55. h4 Kf6 56. Rf4+ Kg7 1/2-1/2

[Event "2.BLN 1718 Turm Kiel - SV Werder Bremen"]
[Site "?"]
[Date "2017.10.09"]
[Round "1.2"]
[White "Rasmussen, Allan Stig"]
[Black "Meins, Gerlef"]
[Result "1/2-1/2"]
[WhiteElo "2542"]
[BlackElo "2410"]
[PlyCount "160"]
[EventDate "2017.??.??"]

1. e4 c5 2. Nf3 Nc6 3. Bb5 g6 4. Bxc6 dxc6 5. d3 Bg4 6. Nbd2 Bg7 7. h3 Bxf3 8.
Nxf3 Nf6 9. Bf4 c4 10. e5 Nd5 11. Bg3 Qa5+ 12. c3 Qb5 13. dxc4 Qxc4 14. Qe2
Qxe2+ 15. Kxe2 f5 16. exf6 exf6 17. c4 Nb6 18. b3 O-O-O 19. Rhe1 Rhe8+ 20. Kf1
Bf8 21. Bh4 Nd7 22. g4 Bb4 23. Rxe8 Rxe8 24. Rd1 a5 25. Nd4 Bc5 26. Nc2 h5 27.
gxh5 g5 28. Bg3 Rh8 29. Nd4 Rxh5 30. Kg2 Rh8 31. Ne6 Bb4 32. f4 Re8 33. f5 Nc5
34. Nxc5 Bxc5 35. Re1 Kd7 36. Kf3 Rxe1 37. Bxe1 b6 38. Ke4 Ke7 39. h4 gxh4 40.
Bxh4 Bd6 41. Bf2 Bc5 42. Be1 Bb4 43. Bg3 Bd6 44. Bh4 Bc5 45. a4 Kf7 46. Be1 Ke7
47. Bc3 Kf7 48. Kf3 Ke7 49. Kg4 Kf7 50. Kh5 Kg7 51. Bd2 Kh7 52. Be1 Kg7 53. Bg3
Kh7 54. Bc7 Kg7 55. Bd8 Bd4 56. Be7 Bc5 57. Bd8 Bd4 58. Kg4 Kf7 59. Kf3 Ke8 60.
Bc7 Bc5 61. Bb8 Ke7 62. Ke4 Kd7 63. Bg3 Ke7 64. Be1 Ke8 65. Kf3 Ke7 66. Kg4 Kf7
67. Bg3 Kf8 68. Bb8 Kg7 69. Ba7 Kf7 70. Kh5 Kg7 71. Bb8 Kh7 72. Bc7 Kg7 73. Bd8
Bd4 74. Kg4 Kf7 75. Kf3 Ke8 76. Ke4 Kxd8 77. Kxd4 Kd7 78. c5 b5 79. Kd3 bxa4
80. bxa4 Ke7 1/2-1/2

[Event "2.BLN 1718 Turm Kiel - SV Werder Bremen"]
[Site "?"]
[Date "2017.10.09"]
[Round "1.3"]
[White "Joachim, Sven"]
[Black "Glud, Jakob Vang"]
[Result "1/2-1/2"]
[WhiteElo "2395"]
[BlackElo "2522"]
[PlyCount "138"]
[EventDate "2017.??.??"]

1. e4 e5 2. Nf3 Nc6 3. Bc4 Bc5 4. O-O Nf6 5. d3 a6 6. c3 Ba7 7. a4 d6 8. Na3 h6
9. Nc2 O-O 10. Be3 Ne7 11. Bxa7 Rxa7 12. Re1 Ng6 13. a5 Ra8 14. Ne3 Be6 15. Qc2
Bxc4 16. Nxc4 Re8 17. d4 exd4 18. Nxd4 d5 19. exd5 Rxe1+ 20. Rxe1 Qxd5 21. Qb3
Nf4 22. Ne3 Re8 23. Qxd5 N6xd5 24. Ndc2 Nxe3 25. Nxe3 Re5 26. Ra1 Nd5 27. Ra4
Nxe3 28. fxe3 Rb5 29. Rc4 Rxb2 30. Rxc7 g5 31. h3 Kg7 32. Kh2 Rb5 33. Kg3 Rxa5
34. Rxb7 Rc5 35. Ra7 Rxc3 36. Rxa6 Rxe3+ 37. Kf2 Rb3 38. Rc6 h5 39. Ra6 f6 40.
Ra7+ Kg6 41. Ra5 h4 42. Rc5 Rd3 43. Ra5 Kf7 44. Ke2 Rd6 45. Kf3 Ke6 46. Ke4 Rb6
47. Kf3 Rb3+ 48. Ke2 Rb2+ 49. Kf3 Rd2 50. Ra6+ Ke5 51. Ra5+ Rd5 52. Ra6 Rd3+
53. Ke2 Rd6 54. Ra4 Rd4 55. Ra6 Rc4 56. Kf3 Rf4+ 57. Ke3 Kf5 58. Ra5+ Kg6 59.
Rb5 Rf1 60. Ke2 Rf5 61. Rb7 Ra5 62. Kf3 f5 63. Rb6+ Kh5 64. Rb8 Ra3+ 65. Kf2
Ra2+ 66. Kf1 g4 67. hxg4+ Kxg4 68. Rb3 Rd2 69. Ra3 Kf4 1/2-1/2

[Event "2.BLN 1718 Turm Kiel - SV Werder Bremen"]
[Site "?"]
[Date "2017.10.09"]
[Round "1.4"]
[White "Hector, Jonny"]
[Black "Koop, Thorben"]
[Result "1-0"]
[WhiteElo "2479"]
[BlackElo "2370"]
[PlyCount "63"]
[EventDate "2017.??.??"]

1. e4 c5 2. Nf3 Nc6 3. Nc3 d6 4. d4 cxd4 5. Nxd4 e5 6. Nf5 Nf6 7. Bg5 Bxf5 8.
Bxf6 Qxf6 9. Nd5 Qh4 10. exf5 Qe4+ 11. Be2 Rc8 12. c3 Qxg2 13. Bf3 Qh3 14. Qe2
h5 15. Qe4 Be7 16. Rg1 Qh4 17. Rxg7 Kf8 18. Rg2 Qxe4+ 19. Bxe4 Bh4 20. O-O-O
Rd8 21. f6 Nb8 22. Bf5 Nd7 23. Bxd7 Rxd7 24. Kd2 Rd8 25. c4 Re8 26. Rf1 Re6 27.
f4 exf4 28. Rxf4 Be1+ 29. Kd3 Rg8 30. Rxg8+ Kxg8 31. Rf5 h4 32. Rh5 1-0

[Event "2.BLN 1718 Turm Kiel - SV Werder Bremen"]
[Site "?"]
[Date "2017.10.09"]
[Round "1.5"]
[White "Richter, Christian"]
[Black "Pakleza, Zbigniew"]
[Result "1/2-1/2"]
[WhiteElo "2352"]
[BlackElo "2496"]
[PlyCount "49"]
[EventDate "2017.??.??"]

1. d4 d5 2. Nf3 Nf6 3. c4 c6 4. e3 Bf5 5. Nc3 e6 6. Bd3 Bxd3 7. Qxd3 Bb4 8. Bd2
O-O 9. O-O Bxc3 10. Bxc3 Nbd7 11. Nd2 Re8 12. e4 dxc4 13. Qxc4 e5 14. dxe5 Nxe5
15. Qe2 Qe7 16. f3 Rad8 17. Nb3 c5 18. Rfd1 Rc8 19. Nd2 Rc6 20. Nc4 Nxc4 21.
Qxc4 h6 22. Rd2 Nd7 23. Qe2 c4 24. Rd5 Nb6 25. Rb5 {(=)} 1/2-1/2

[Event "2.BLN 1718 Turm Kiel - SV Werder Bremen"]
[Site "?"]
[Date "2017.10.09"]
[Round "1.6"]
[White "Bromann, Thorbjorn"]
[Black "Grigorian, Spartak"]
[Result "1/2-1/2"]
[WhiteElo "2384"]
[BlackElo "2352"]
[PlyCount "39"]
[EventDate "2017.??.??"]

1. d4 Nf6 2. Nc3 d5 3. Bf4 c5 4. e3 cxd4 5. exd4 a6 6. Nf3 Nc6 7. Ne5 Bd7 8.
Be2 e6 9. O-O Qb6 10. Nxc6 Bxc6 11. Rb1 Rc8 12. a3 Be7 13. Qd2 O-O 14. Rfd1 Ne8
15. Bg5 Qd8 16. Bxe7 Qxe7 17. Qf4 Nd6 18. a4 b5 19. axb5 Bxb5 20. Qe3 {(=)}
1/2-1/2

[Event "2.BLN 1718 Turm Kiel - SV Werder Bremen"]
[Site "?"]
[Date "2017.10.09"]
[Round "1.7"]
[White "Charmeteau, Sven"]
[Black "Hoi, Carsten"]
[Result "0-1"]
[WhiteElo "2323"]
[BlackElo "2349"]
[PlyCount "116"]
[EventDate "2017.??.??"]

1. e4 g6 2. d4 Bg7 3. Nc3 d6 4. Be3 c6 5. h3 b5 6. g3 Nd7 7. Bg2 b4 8. Nce2
Ngf6 9. e5 Nd5 10. exd6 Nxe3 11. fxe3 exd6 12. Bxc6 Rb8 13. Nf4 O-O 14. Qf3 Nf6
15. Nge2 Ba6 16. O-O Rc8 17. Rf2 Qe7 18. c3 Rxc6 19. Qxc6 Bb7 20. Qb5 Ba8 21.
Rd1 Ne4 22. Rff1 Nd2 23. Rf2 Ne4 24. Rg2 bxc3 25. bxc3 Nxc3 26. Nxc3 Qxe3+ 27.
Kh2 Qxc3 28. d5 Be5 29. Qd3 Qb4 30. Rf2 Rc8 31. Qf3 Qb7 32. h4 Qd7 33. Nh3 Rc4
34. Kg2 f5 35. Ng5 Rg4 36. Kf1 Rxg3 37. Qe2 Qa4 38. Nf3 Rxf3 39. Qxf3 Bb7 40.
h5 Kg7 41. Rfd2 Ba6+ 42. Kg1 Qh4 43. Rc2 Kf6 44. hxg6 hxg6 45. a4 Bc4 46. Rcd2
a5 47. Qf2 Qg5+ 48. Qg2 Qe3+ 49. Kh1 Qh6+ 50. Kg1 Bf4 51. Rd3 Be3+ 52. Rxe3
Qxe3+ 53. Kh1 g5 54. Qb2+ Kg6 55. Qb8 Qf3+ 56. Kh2 Qe2+ 57. Kh3 g4+ 58. Kg3 f4+
0-1

[Event "2.BLN 1718 Turm Kiel - SV Werder Bremen"]
[Site "?"]
[Date "2017.10.09"]
[Round "1.8"]
[White "Boe, Mads"]
[Black "Kardoeus, David"]
[Result "0-1"]
[WhiteElo "2302"]
[BlackElo "2182"]
[PlyCount "89"]
[EventDate "2017.??.??"]

1. d4 Nf6 2. Nf3 g6 3. Bg5 Bg7 4. e3 c5 5. c3 d5 6. Bd3 Nc6 7. Nbd2 cxd4 8.
exd4 Qd6 9. O-O O-O 10. Re1 Nh5 11. Nf1 f6 12. Bh4 Nf4 13. Bg3 e5 14. Ne3 Be6
15. Bxf4 exf4 16. Nc2 Bg4 17. h3 Bh5 18. Be2 g5 19. Nh2 Bg6 20. Bd3 f5 21. a3
h5 22. f3 Bf6 23. Nb4 Kg7 24. Nxc6 bxc6 25. b4 g4 26. fxg4 hxg4 27. Nxg4 Bh4
28. Ne5 Bxe1 29. Qxe1 Rae8 30. Qf2 Rxe5 31. dxe5 Qxe5 32. Qxa7+ Kh6 33. Qd4
Qe3+ 34. Qxe3 fxe3 35. g3 f4 36. Bxg6 Kxg6 37. gxf4 Kf5 38. Kf1 Kxf4 39. Rd1
Kf3 40. Ra1 Rh8 41. a4 Rxh3 42. Kg1 Rg3+ 43. Kh2 Rg2+ 44. Kh1 e2 45. Re1 0-1

[Event "2.BLN 1718 Glückauf Rüdersd - Hamburg"]
[Site "?"]
[Date "2017.10.09"]
[Round "1.1"]
[White "Colpe, Malte"]
[Black "Moranda, Wojciech"]
[Result "0-1"]
[WhiteElo "2411"]
[BlackElo "2589"]
[PlyCount "128"]
[EventDate "2017.??.??"]

1. d4 d6 2. Nf3 Nf6 3. c4 g6 4. Nc3 Bg7 5. e4 O-O 6. Be2 e5 7. Be3 Nbd7 8. O-O
c6 9. d5 c5 10. Ne1 Kh8 11. Nd3 Ng8 12. f3 Qe7 13. a3 f5 14. b4 b6 15. Rb1 Bh6
16. Bf2 Ngf6 17. bxc5 Nxc5 18. Nxc5 bxc5 19. Bd3 fxe4 20. Bxe4 Bf5 21. Qd3 Nh5
22. g3 Rf7 23. Be3 Bxe3+ 24. Qxe3 Raf8 25. Rf2 Ng7 26. Rbb2 Bc8 27. Bd3 Qd8 28.
Qh6 Kg8 29. Kg2 Bf5 30. Ne4 Bxe4 31. Bxe4 Nh5 32. Rb5 Nf6 33. Rbb2 Qa5 34. Qe3
Qa4 35. Qd3 Kg7 36. h3 Qa5 37. Rb5 Qd8 38. Rbb2 Kh8 39. h4 Rg7 40. Qd2 Rgf7 41.
Qh6 Kg8 42. Qe3 Qd7 43. Qb3 Nh5 44. Qd3 Rg7 45. Qe3 Qa4 46. Qb3 Qa6 47. Kh2 Nf6
48. Qc3 g5 49. Bf5 gxh4 50. g4 Qa4 51. Qd3 Qe8 52. Be6+ Kh8 53. Kh3 Qe7 54. Qe3
h5 55. Qh6+ Rh7 56. Rb7 Rxh6 57. Rxe7 Ne4 58. Rb2 Ng5+ 59. Kxh4 Nxf3+ 60. Kh3
hxg4+ 61. Kxg4 Rf4+ 62. Kg3 Rg6+ 63. Kf2 Nd4+ 64. Ke3 Rg3+ 0-1